Guess the Fusion Rock Song Lyrics #156 - Statistics

General Stats
  • This quiz has been taken 14 times
  • The average score is 190 of 280
Answer Stats
Answer % Correct
I
100%
a
92%
A
92%
and
92%
And
92%
I'm
92%
love
92%
on
92%
the
92%
The
92%
then
92%
we
92%
who
92%
You
92%
you
92%
do
85%
if
85%
in
85%
say
85%
some
85%
to
85%
too
85%
what
85%
when
85%
your
85%
am
77%
ask
77%
At
77%
have
77%
I'd
77%
just
77%
like
77%
me
77%
much
77%
my
77%
only
77%
see
77%
than
77%
we're
77%
with
77%
all
69%
But
69%
but
69%
by
69%
for
69%
know
69%
or
69%
die
62%
hold
62%
its
62%
I've
62%
real
62%
reply
62%
sometimes
62%
think
62%
times
62%
wanna
62%
you've
62%
choke
54%
close
54%
cry
54%
down
54%
eyes
54%
honesty's
54%
how
54%
hurt
54%
judge
54%
lie
54%
til
54%
Til
54%
touch
54%
another
46%
both
46%
break
46%
fear
46%
hide
46%
honestly
46%
rather
46%
subsides
46%
again
38%
beginning
38%
hard
38%
knees
38%
mislead
38%
through
38%
within
38%
drive
31%
endlessly
31%
leaves
31%
still
31%
trapped
31%
tried
31%
truth
31%
writer
31%
youth
31%
Dan Hill
23%
fighter
23%
flares
23%
friend
23%
hesitant
23%
insecurity
23%
pass
23%
passion
23%
pride
23%
prize
23%
searchin
23%
survives
23%
tenderness
23%
understand
23%
watched
23%
while
23%
brother
15%
inside
15%
sister
15%
battlin
8%
drifters
8%
Romance
8%
strategy
8%
commands
0%
No matching quizzes found
Score Distribution
Percent of People with Each Score
Percentile by Number Answered
Your Score History
You have not taken this quiz